|
|
|
|
| LEADER |
01479nam a2200385 a 4500 |
| 001 |
28584 |
| 003 |
BD-DhAAL |
| 005 |
20200513230149.0 |
| 008 |
141123s2008 bg 000 1 eng d |
| 999 |
|
|
|c 33094
|d 33094
|
| 010 |
|
|
|a 89026889
|
| 020 |
|
|
|a 0151628629 (lib. bdg.)
|
| 020 |
|
|
|a 984700200215
|
| 040 |
|
|
|a DLC
|c DLC
|d DLC
|d BD-DhAAL
|
| 043 |
|
|
|a e-uk-en
|
| 050 |
0 |
0 |
|a PR6045.O72
|b M7 1990
|
| 082 |
0 |
0 |
|a 823.912
|2 21
|
| 100 |
1 |
|
|a Woolf, Virginia,
|d 1882-1941.
|9 6095
|
| 245 |
1 |
0 |
|a Mrs. Dalloway /
|c Virginia Woolf; with a detailed introduction by FBC Editorial Board.
|
| 260 |
|
|
|a Dhaka :
|b Friends' Book Corner,
|c 2008.
|
| 300 |
|
|
|a lxvi, 206 pages ;
|c 21 cm.
|
| 541 |
|
|
|e 28584
|
| 650 |
|
0 |
|a Triangles (Interpersonal relations)
|v Fiction.
|9 6096
|
| 650 |
|
0 |
|a Middle-aged women
|v Fiction.
|9 6097
|
| 650 |
|
0 |
|a Suicide victims
|v Fiction.
|9 6098
|
| 650 |
|
0 |
|a Married women
|v Fiction.
|9 6099
|
| 650 |
|
0 |
|a First loves
|v Fiction.
|9 6100
|
| 650 |
|
0 |
|a Parties
|v Fiction.
|9 6101
|
| 650 |
|
0 |
|a Regret
|v Fiction.
|9 6102
|
| 651 |
|
0 |
|a London (England)
|v Fiction.
|9 6103
|
| 655 |
|
7 |
|a Psychological fiction.
|2 lcsh
|9 40281
|
| 655 |
|
7 |
|a Domestic fiction.
|2 lcsh
|9 40282
|
| 852 |
|
|
|a BRAC Institute of Language (BIL)
|c General stacks
|
| 942 |
|
|
|2 ddc
|c BK
|
| 952 |
|
|
|0 0
|1 0
|2 ddc
|4 0
|6 823_912000000000000_WOO
|7 0
|9 44124
|a BRACUL
|b BRACUL
|c GEN
|d 2014-11-23
|e BRAC Institute of Language (BIL)
|l 0
|o 823.912 WOO
|p 3010028584
|r 2014-11-23
|t 1
|w 2014-11-23
|y BK
|x Transferred from BIL to BRACUL on 06/06/22
|